000 01155nam a22001937a 4500
003 JO-AjAnu
005 20240917130332.0
008 240908b jo ||||| |||| 00| 0 ara d
040 _aJO-AjAnu
_cJO-AjAnu
041 _aARA
100 1 _aجاغوب، خالد حميدان اسعد
_966162
_eمعد
245 2 0 _aالمشكلات السلوكية الأكثر شيوعا لدى الطلبة ذوي صعوبات التعلم في ضوء بعض المتغيرات = The Most Common Behavioral Problems Among Students with Learning Disabilities in Light of Some Variables
_c/اعداد خالد حميدان أسعد جاغوب ؛ إشراف ريم عبدالله الكناني
260 _c2024
300 _a88 ورقة
500 _aرسالة جامعية ( رسالة ماجستير صعوبات التعلم) - جامعة عجلون الوطنية (عجلون، الاردن)، كلية العلوم التربوية - تخصص التربية الخاصة ، 2024.
650 7 0 _aذوي صعوبات التعلم -مشكلات التعلم
_966163
700 1 _aالكناني، ريم عبدالله
_eمشرف
_964923
942 _2lcc
_cTHS
_n0
999 _c33659
_d33659